| 000 | 00576nam a22001937a 4500 | ||
|---|---|---|---|
| 003 | OSt | ||
| 005 | 20190204172831.0 | ||
| 008 | 181108b xxu||||| |||| 00| 0 eng d | ||
| 020 | _a9789350096857 | ||
| 040 | _cBT-PhCST | ||
| 050 | _aD4024 | ||
| 082 |
_222 _a600 _bCHA |
||
| 100 | _aChalloner, Jack. | ||
| 245 |
_a1001 inventions that changed the world / _cGeneral editor Jack Challoner and preface by Trevor Baylis. |
||
| 260 |
_aIndia : _bHachette Book Publishing, _c2011. |
||
| 300 |
_a960 p. : _bill. (some col.) ; _c21 cm. |
||
| 500 | _aIncludes index. | ||
| 942 |
_2ddc _cGEN |
||
| 999 |
_c6951 _d6951 |
||